000 00995nam a22002897a 4500
001 8188
003 FISKH
005 20260316140651.0
008 250901b cb ||||| |||| 00| 0 eng d
020 _a9780736421645
040 _aFISKH
_beng
_cFISKH
_dFISKH
050 _aPZ7
082 _a900
100 _aHall, Erin
245 _aDisney brother Bear :
_bA magical journey /
_cAdapted by Erin Hall ; Illustrated by the Disney Storybook Artiss ; Designed by Disney's Global Design Group
250 _aThis edition first published in 2003
260 _aNew York :
_bRandomHouse,
_c2003
300 _a25 unnumbered pages :
_bcolor illustrations ;
_c21 cm
505 _aN
520 _aBrother Bear, a story about a boy who is transformed into a bear and forced to see the world through the eyes of the bear.
521 8 _a530
_bLexile
521 8 _aN
_bRaz-Plus
650 _2Action & Adventure
_aDisney
650 _2Bears
_aPreschool
942 _2ddc
_cBK
_n0
999 _c8188
_d8188